|
|
|
|
| LEADER |
02887nam a2200445 a 4500 |
| 001 |
11951699 |
| 003 |
BD-DhAAL |
| 005 |
20250424165007.0 |
| 008 |
091008t1999 bg bd b 001 0 eng d |
| 010 |
|
|
|a 99945460
|
| 020 |
|
|
|a 9840515020
|
| 040 |
|
|
|a DLC
|c DLC
|d DLC
|d BD-DhAAL
|
| 082 |
0 |
0 |
|a 372.95492
|2 21
|
| 245 |
0 |
0 |
|a Hope not complacency :
|b state of primary education in Bangladesh, 1999 /
|c editors, A. Mushtaque R. Chowdhury, Rasheda K. Choudhury, Samir R. Nath.
|
| 246 |
|
|
|i At head of title:
|a Education watch
|
| 260 |
|
|
|a Dhaka :
|b University Press,
|c 1999.
|
| 300 |
|
|
|a xxvii, 152 pages ;
|c 28 cm.
|
| 500 |
|
|
|a "Education watch"--Cover.
|
| 500 |
|
|
|a "Campaign for Popular Education."
|
| 504 |
|
|
|a Includes bibliographical references (p. [66]-69]) and index.
|
| 526 |
|
|
|a AAL
|
| 541 |
1 |
|
|a Complimentary copy from Dr. Ahmed Mushtaque Raza Chowdhury (Former Vice Chairperson of BRAC)
|e 00007357, 44389, 44390
|
| 650 |
|
0 |
|a Education, Primary
|z Bangladesh.
|
| 650 |
|
0 |
|a Education, Elementary
|
| 650 |
|
0 |
|a Educational surveys
|z Bangladesh.
|
| 650 |
|
0 |
|a Educational evaluation
|z Bangladesh.
|9 58143
|
| 700 |
1 |
|
|a Chowdhury, A. M. Raza.
|
| 700 |
1 |
|
|a Choudhury, Rasheda K.
|9 28014
|
| 700 |
1 |
|
|a Nath, Samir R.
|
| 710 |
2 |
|
|a Campaign for Popular Education (Organization)
|
| 710 |
2 |
|
|a Education Watch Project (Bangladesh)
|
| 852 |
4 |
|
|a Ayesha Abed Library
|j General shelf
|
| 942 |
|
|
|2 ddc
|c BK
|
| 999 |
|
|
|c 4426
|d 4426
|
| 952 |
|
|
|0 0
|1 0
|2 ddc
|4 0
|6 372_954920000000000_HOP_1999
|7 0
|9 4137
|a BRACUL
|b BRACUL
|c GEN
|d 2009-10-11
|g 450.00
|l 0
|o 372.95492 HOP
|p 3010007357
|r 2009-10-11
|t 1
|v 900.00
|w 2009-10-11
|y BK
|
| 952 |
|
|
|0 0
|1 0
|2 ddc
|4 0
|6 372_954920000000000_HOP_1999
|7 0
|9 4138
|a BRACUL
|b BRACUL
|c GEN
|d 2009-10-11
|g 450.00
|l 1
|m 1
|o 372.95492 HOP
|p 3010007351
|r 2019-06-17
|s 2019-02-05
|t 2
|v 900.00
|w 2009-10-11
|y BK
|
| 952 |
|
|
|0 0
|1 0
|2 ddc
|4 0
|6 372_954920000000000_HOP
|7 0
|9 43103
|a SCL
|b SCL
|c GEN
|d 1999-09-20
|g 450.00
|l 0
|o 372.95492 HOP
|p 3020002421
|r 2014-07-14
|t 3
|w 2014-07-14
|y BK
|
| 952 |
|
|
|0 0
|1 0
|2 ddc
|4 0
|6 372_954920000000000_HOP
|7 0
|9 52804
|a SCL
|b SCL
|c GEN
|d 2015-03-01
|l 0
|o 372.95492 HOP
|p 3020003656
|r 2015-03-01
|t 4
|w 2015-03-01
|y BK
|
| 952 |
|
|
|0 0
|1 0
|2 ddc
|4 0
|6 372_954920000000000_HOP
|7 1
|9 77640
|a BRACUL
|b BRACUL
|c AMRC
|d 2025-04-23
|e Complimentary copy from Dr. Ahmed Mushtaque Raza Chowdhury (Former Vice Chairperson of BRAC)
|g 450.00
|l 0
|o 372.95492 HOP
|p 3010044389
|r 2025-04-23
|t 5
|v 900.00
|w 2025-04-23
|y BK
|x Complimentary copy received from Dr. Ahmed Mushtaque Raza Chowdhury (Former Vice Chairperson of BRAC) on 17 April 2025
|
| 952 |
|
|
|0 0
|1 0
|2 ddc
|4 0
|6 372_954920000000000_HOP
|7 1
|9 77641
|a BRACUL
|b BRACUL
|c AMRC
|d 2025-04-23
|e Complimentary copy from Dr. Ahmed Mushtaque Raza Chowdhury (Former Vice Chairperson of BRAC)
|g 450.00
|l 0
|o 372.95492 HOP
|p 3010044390
|r 2025-04-23
|t 6
|w 2025-04-23
|y BK
|x Complimentary copy received from Dr. Ahmed Mushtaque Raza Chowdhury (Former Vice Chairperson of BRAC) on 17 April 2025
|